La evangelización del mundo contemporáneo: exhortación apostólica de su Santidad Pablo VI Evangelii Nuntiandi al Episcopado, al clero y a los fieles de toda la Iglesia acerca de la evangelización del mundo contemporáneo

Saved in:
Bibliografiske detaljer
Format: Bog
Sprog:spansk
Udgivet: Santiago Paulinas 1978
Fag:
Tags: Tilføj Tag
Ingen Tags, Vær først til at tagge denne postø!

MARC

LEADER 00000nam a2200000 a 4500
001 UCY6995
003 CL-VaPUC
005 20230329074149.0
008 950602e19781100CL |||||||||||||||||spa|d
999 |c 234472  |d 234470 
040 |c Pontificia Universidad Católica de Valparaíso 
082 0 4 |a 262.91  |b EVA  |2 21 
245 1 3 |a La evangelización del mundo contemporáneo: exhortación apostólica de su Santidad Pablo VI Evangelii Nuntiandi al Episcopado, al clero y a los fieles de toda la Iglesia acerca de la evangelización del mundo contemporáneo 
260 |a Santiago  |b Paulinas  |c 1978 
300 |a 151 p 
583 |a last modification  |c 19950602 00:00:00  |k Rodrigo Vera 
600 0 |a Pablo VI   |q (Paulo VI),  |c Papa  |d 1897-1978  |9 482790 
650 7 |a MENSAJES  |2 CL-VaPUC  |9 335531 
650 0 |a Sociedad contemporánea  |9 337179 
650 0 |a Cristianismo  |9 257361 
650 0 |a Catolicismo  |9 258690 
650 0 |a Iglesia   |9 255004 
650 0 |a Cristianos  |9 257805 
650 0 |a Metodología   |9 256610 
942 |c BK  |2 ddc 
945 |d 19950602 00:00:00  |a cmena 
952 |0 0  |1 0  |4 0  |6 262_910000000000000_EVA_1978  |7 0  |8 A  |9 240841  |a BIBTEO  |b BIBTEO  |d 2019-11-18  |i 2093391  |o 262.91 EVA 1978  |p 2093391  |r 2024-01-18  |w 2019-11-18  |y BK  |k ICR 
952 |0 0  |1 0  |4 0  |6 262_910000000000000_EVA_1978  |7 0  |8 A  |9 240842  |a BIBTEO  |b BIBTEO  |d 2019-11-18  |i 2093669  |o 262.91 EVA 1978  |p 2093669  |r 2024-01-18  |w 2019-11-18  |y BK  |k ICR